| 000 | 00492nam a2200181Ia 4500 | ||
|---|---|---|---|
| 005 | 20250508153520.0 | ||
| 008 | 008 250505s9999 xx 000 0 eng d | ||
| 037 | _aBooks to be hide in OPAC | ||
| 040 |
_aFEDL _beng _cFEDL |
||
| 041 |
_aeng _2eng |
||
| 084 |
_aB, FRO/O _qFEDL |
||
| 100 | _aThompson Lawrance | ||
| 245 | 0 | _aRobert Frost | |
| 260 |
_aMinneapolis _bUniversity of Minnesota Press _c1959 |
||
| 300 | _a43p. | ||
| 942 |
_cHB _hB, FRO/O |
||
| 999 |
_c1343425 _d1343425 |
||